| 000 | 00996nam a2200241 i 4500 | ||
|---|---|---|---|
| 001 | 161376 | ||
| 003 | ES-MaACL | ||
| 005 | 20260204113346.0 | ||
| 008 | 990701q1902 sp |||| | spa d | ||
| 100 | 1 |
_aPardo Bazán, Emilia, _cCondesa de, _d1851-1921 _9176434 |
|
| 245 | 1 | 0 |
_aCuentos de Navidad y Reyes _b; Cuentos de la patria ; Cuentos antiguos / _cEmilia Pardo Bazán. |
| 246 | 3 | 0 | _aCuentos de la patria |
| 246 | 3 | 0 | _aCuentos antiguos |
| 260 |
_aMadrid : _bAdministración calle de S. Bernardo, 37, _c[1902] ( _fEstab. Tip. de I. Moreno) |
||
| 300 |
_a278 p. ; _c19 cm. |
||
| 490 | 1 |
_aObras completas de Emilia Pardo Bazán ; _v25 |
|
| 530 | _aDisponible en formato digital. | ||
| 830 | 0 |
_aObras completas de Emilia Pardo Bazán ; _v25 _9176456 |
|
| 852 |
_aES-MaACL _jB-4104 _z Encuadernación holandesa, conservando cubierta original _cSPB |
||
| 856 | 4 |
_uhttps://archive.org/details/cuentosdenavidad00pard/page/2/mode/2up _yInternet Archive |
|
| 942 | _2udc | ||
| 999 |
_c161376 _d161376 |
||